Historia universal / (Record no. 155490)

MARC details
000 -LEADER
campo de control de longitud fija 03055nam a2200277 i 4500
001 - NÚMERO DE CONTROL
campo de control 155490
003 - IDENTIFICADOR DE NÚMERO DE CONTROL
campo de control ES-MaACL
005 - FECHA Y HORA DE LA ÚLTIMA TRANSACCIÓN
campo de control 20250909175451.0
008 - DATOS DE LONGITUD FIJA--INFORMACIÓN GENERAL
campo de control de longitud fija 940202m18901894sp af e |||| |dspa d
080 ## - NÚMERO DE LA CLASIFICACIÓN DECIMAL UNIVERSAL
Número de la Clasificación Decimal Universal 94(100)
245 00 - MENCIÓN DEL TÍTULO
Título Historia universal /
Mención de responsabilidad, etc. escrita parcialmente por reputados profesores alemanes ; bajo la dirección del... historiógrafo Guillermo Oncken... ; traducción directa del alemán revisada por Nemesio Fernández Cuesta.
260 ## - PUBLICACIÓN, DISTRIBUCIÓN, ETC.
Lugar de publicación, distribución, etc. Barcelona :
Nombre del editor, distribuidor, etc. Montaner y Simón,
Fecha de publicación, distribución, etc. 1890-1894.
300 ## - DESCRIPCIÓN FÍSICA
Extensión 16 v., 490 lám. :
Otras características físicas il. col. y n. ;
Dimensiones 32 cm.
500 ## - NOTA GENERAL
Nota general Falta: v. XIV.
505 8# - NOTA DE CONTENIDO CON FORMATO
Nota de contenido con formato Contiene: I. Historia del antiguo Egipto. Historia de Babilonia y Asiria. Historia de la India antigua (300, 416, 215 p.) -- II. Historia de la antigua Persia. Historia de los fenicios Historia de Grecia y Roma ( 9, 108, 520 p.) -- III. Historia del pueblo de Israel. Historia del Imperio romano (540, 328 p.) -- IV. Historia primitiva de los pueblos germánicos y romanos (822 p.) -- V. Historia de los anglo-sajones hasta la muerte del rey Alfredo. El islamismo en Oriente y en Occidente. Historia de las Cruzadas (68, 500, 176 p.) -- VI. Historia de los estados de Occidente durante la Edad Media. Historia del Imperio bizantino y de la monarquía turca (648, 291 p.) -- VII El Renacimiento y los estudios de humanidades en Italia y Alemania. Historia de la época de los descubrimientos geográficos. Rusia, Polonia y Livonia hasta el siglo decimoséptimo ( 204, 220, 439 p.) -- VIII. Historia de la Reforma religiosa. La Europa Occidental en tiempos de Felipe II de España, Isabel de Inglaterra y Enrique IV de Francia. La época de la guerra de los Treinta Años (340, 280, 453 p.) -- IX. Historia de la Revolución de Inglaterra. La época de Luis XIV. Historia de Alemania desde la Paz de Westfalia hasta el reinado de Federico el Grande (120, 227, 499 p.) -- X. Época de Federico el Grande. Austria durante los reinados de María Teresa, José II y Leopoldo II. Catalina II ( 560, 172, 270 p.) -- XI. Historia de la Revolución francesa, del Imperio y de la guerra de liberación (810 p.) -- XII. La época de la Restauración y de la Revolución desde 1815 hasta 1851. Historia del segundo Imperio francés y de la fundación del reino de Italia. Los Estados Unidos de la América del Norte y la Guerra separatista (300, 256, 259 p.) -- XIII. Historia de la Cuestión de Oriente. La época del emperador Guillermo ( 240, 695 p. ) -- XV. Primero de la Historia del traje... por Federico Hottenroth (119 lám. ) -- XVI. Segundo de la Historia del traje... por Federico Hottenroth (120 lám.)
650 #7 - PUNTO DE ACCESO ADICIONAL DE MATERIA--TÉRMINO DE MATERIA
Término de materia o nombre geográfico como elemento de entrada Historia universal
Fuente del encabezamiento o término embne
9 (RLIN) 13429
650 #4 - PUNTO DE ACCESO ADICIONAL DE MATERIA--TÉRMINO DE MATERIA
Término de materia o nombre geográfico como elemento de entrada Traje-
Subdivisión general Historia.
9 (RLIN) 136943
700 1# - ENTRADA AGREGADA--NOMBRE PERSONAL
Nombre de persona Oncken, Wilhelm.
9 (RLIN) 87057
700 1# - ENTRADA AGREGADA--NOMBRE PERSONAL
Nombre de persona Fernández Cuesta, Nemesio,
Fechas asociadas al nombre 1818-1893
9 (RLIN) 49614
700 1# - ENTRADA AGREGADA--NOMBRE PERSONAL
Nombre de persona Hottenroth, Friedrich.
9 (RLIN) 155429
710 2# - ENTRADA AGREGADA--NOMBRE DE ENTIDAD CORPORATIVA
Nombre de entidad corporativa o nombre de jurisdicción como elemento de entrada Montaner y Simón.
9 (RLIN) 134693
740 02 - ENTRADA AGREGADA--TÍTULO RELACIONADO/ANALÍTICO NO CONTROLADO
Título relacionado o analítico no controlado Historia del traje.
752 ## - ENTRADA AGREGADA--NOMBRE JERÁRQUICO DEL LUGAR
País o entidad superior España -
Ciudad , Barcelona
852 4# - LOCALIZACIÓN
Ubicación ES-MaACL
Número de control de estantería B-1778-93
Nota libre - Enc. pasta
Holdings
Estatus retirado Estado de pérdida Estado de daño No para préstamo Colección Biblioteca de origen Biblioteca actual Ubicación en estantería Fecha de adquisición Total de préstamos Signatura topográfica completa Código de barras Visto por última vez Precio de reemplazo Tipo de ítem Koha
        Libros del s. XIX Biblioteca del Ateneo de Madrid Biblioteca del Ateneo de Madrid Sala Pardo Bazán 17/01/2008   B-1778-93 1162646 23/02/2023 23/02/2023 Libro impreso antiguo